| 000 | 00704nam a2200229 4500 | ||
|---|---|---|---|
| 003 | OSt | ||
| 005 | 20260530115310.0 | ||
| 008 | 260507b1999 |||ao||| |||| 001 0 eng d | ||
| 020 | _a0891349537 | ||
| 040 |
_aICI _bspa _cICI |
||
| 050 |
_aTK5105 _bR43 |
||
| 100 | 1 |
_aRedman, Stephanie A. _932653 |
|
| 245 | 1 | 0 | _aTaking the leap into new media |
| 264 | 1 |
_bNorth Light Books _c1999 _aCincinnati, Ohio |
|
| 300 | _a144 páginas | ||
| 336 |
_atexto _2rdacontent |
||
| 337 |
_asin medio _2rdamedia |
||
| 338 |
_avolumen _2rdacarrier |
||
| 650 |
_aNuevos medios de comunicación _xInnovaciones tecnológicas _932654 |
||
| 650 |
_aMedios de comunicación _xDesarrollo tecnológico _932655 |
||
| 942 |
_2lcc _cBK _n1 |
||
| 999 |
_c13298 _d13298 |
||